000 00227nam a2200121Ia 4500
100 _aRay E. Haines
942 _cBK
654 _ametal
245 _aMetal Working
260 _bD
_c2001
082 _a621.9
546 _aENGLISH
999 _c28452
_d28452